Catholic University of Zimbabwe Library
Online Public Access Catalogue
(OPAC)

Birthday party (Record no. 11783)

MARC details
000 -LEADER
fixed length control field 00371 a2200121 4500
245 ## - TITLE STATEMENT
Title Birthday party
Medium print
650 ## - SUBJECT ADDED ENTRY--TOPICAL TERM
Topical term or geographic name entry element literature
260 ## - PUBLICATION, DISTRIBUTION, ETC.
Place of publication, distribution, etc. xx
Date of publication, distribution, etc. 1966
084 ## -
-- PN2093 .C64 1995 no. B66
300 ## - PHYSICAL DESCRIPTION
Extent 1 v. (theater program).
Other physical details 1 v. (theater program).
Dimensions 1 v. (theater program).
500 ## - GENERAL NOTE
General note Center Stage, February 19 thu March 13, 1966.

No items available.

OPENING HOURS

Weekdays: 0815hrs - 1800hrs
Weekends:0900hrs - 1200hrs

Closed for Mass:

Mon, Thur: 1200hrs - 1300hrs
Sunday & Public Holiday’s

CALL SUPPORT

0242-570570, 0242-570169
09200664, +263 8644140602

LOCATION

18443, Cranborne Avenue, Hatfield, Harare

Other Links


©2021 | CUZ Library